| 000 | 00429nam a2200181Ia 4500 | ||
|---|---|---|---|
| 008 | 170705s9999 xx 000 0 und d | ||
| 020 | _a9780545607612 | ||
| 245 | _aBiblioburro : | ||
| 245 | _ba true story from Colombia / | ||
| 245 | _cJeanette Winter. | ||
| 260 | _aNew York : | ||
| 260 | _bScholastic, | ||
| 260 | _c2010 | ||
| 300 | _aunpaged : | ||
| 300 | _bcolor illustration ; | ||
| 300 | _c21cm. | ||
| 500 | _a640 | ||
| 999 |
_c336811 _d336811 |
||